00262nam a2200109 a 450000500170000000800410001702000180005805000210007624500340009726000110013130000100014220140412111329.0110127s19uu xx 00 eng d a0-939791-57-9 aTR(GS 411bNe532 aNew Ways in Teaching Writing. aU.S.A. a267p.